Planets and Dwarf Planets - Statistics

General Stats
  • This quiz has been taken 40 times
  • The average score is 14 of 18
Answer Stats
Distance from the Sun on average Object Answer % Correct
150 million km Planet Earth
100%
228 million km Planet Mars
100%
58 million km Planet Mercury
100%
108 million km Planet Venus
100%
779 million km Planet Jupiter
93%
4459 million km Planet Neptune
93%
1433 million km Planet Saturn
93%
2872 million km Planet Uranus
93%
5874 million km Dwarf Pluto
90%
413 million km Dwarf Ceres
83%
14410 million km Dwarf Eris
66%
6452 million km Dwarf Haumea
66%
11400 or 140550 million km Dwarf Sedna
66%
6850 million km Dwarf Makemake
62%
10003 million km Dwarf Gonggong
45%
6537 million km Dwarf Quaoar
41%
7190 million km Dwarf Orcus
38%
470 million km Dwarf Hygiea
31%
No matching quizzes found
Score Distribution
Percent of People with Each Score
Percentile by Number Answered
Your Score History
You have not taken this quiz